000 00288nam a22001337a 4500
008 180213b xxu||||| |||| 00| 0 eng d
020 _a1555420826
041 _aeng
080 _a61
100 _a3
101 _aSHM
245 _aUndending work and care
_cCorbiN,J.M
942 _2udc
_cBK
999 _c42336
_d42336